Music Quiz

Random Music or Song Quiz

Half n Half: Rock Bands Quiz Stats

 Plays Quiz Updated Dec 16, 2015

Score 0/30 Timer 05:00
3 Plays Today
1st Half of Song and Band 2nd Half of Song and Band % Correct
Hells ACBells DC
87.8%
Macho VillageMan People
85.7%
Comfortably PinkNumb Floyd
85%
Immigrant LedSong Zeppelin
81%
Karma CultureChameleon Club
75.1%
Tainted SoftLove Cell
72.2%
Iron BlackMan Sabbath
66.5%
Psycho TalkingKiller Heads
65.4%
All SmashStar Mouth
64.4%
White JeffersonRabbit Airplane
63.5%
Even PearlFlow Jam
60.3%
Don't FleetwoodStop Mac
59.5%
Personal DepecheJesus Mode
58.3%
Get DaftLucky Punk
58.1%
Dr. MötleyFeelgood Crüe
57.2%
1st Half of Song and Band 2nd Half of Song and Band % Correct
Chasing SnowCars Patrol
56.1%
Don't NoSpeak Doubt
53.3%
La ZZGrange Top
53.3%
Radar GoldenLove Earring
51.4%
Monkey FooWrench Fighters
50.5%
21 GreenGuns Day
48.6%
Two SpinPrinces Doctors
48.5%
Float ModestOn Mouse
44%
No BlindRain Melon
43.9%
Sister NightChristian Ranger
43.3%
Dream CheapPolice Trick
40.5%
Runaway SoulTrain Asylum
39.2%
That LynyrdSmell Skynyrd
38.6%
Jane Jane'sSays Addiction
35.7%
Come DuranUndone Duran
18.6%

You're not logged in!

Compare scores with friends on all Sporcle quizzes.
OR
Log In

Show Comments

Extras

Top Quizzes Today


Score Distribution

Your Account Isn't Verified!

In order to create a playlist on Sporcle, you need to verify the email address you used during registration. Go to your Sporcle Settings to finish the process.

Report this User

Report this user for behavior that violates our Community Guidelines.

Details: